000 00440nam a2200181Ia 4500
001 1654
005 20260306143744.0
008 260306t2017||||xx |||||||||||||| ||spa||
041 _aESP
082 _a153.9
_bS753 Nº 1
100 _aSmeke Mizrahi, Sofía
_eAUT
245 0 _aAlcanzando la inteligencia emocional 1
260 _c2017
300 _a63 páginas :
_c27 cm.
650 _aGEN
654 _aCPS
942 _cLIB
_dJUS
_fJUS
_2ddc
_n
999 _c1654
_d1654